Communicating effectively in english 2nd Sem (Record no. 8084)
[ view plain ]
| 000 -LEADER | |
|---|---|
| fixed length control field | 00287nam a2200109Ia 4500 |
| 008 - FIXED-LENGTH DATA ELEMENTS--GENERAL INFORMATION | |
| fixed length control field | 191201s2012 xx 000 0 und d |
| 100 ## - MAIN ENTRY--PERSONAL NAME | |
| Personal name | SHARMA,Pooja |
| 245 #0 - TITLE STATEMENT | |
| Title | Communicating effectively in english 2nd Sem |
| 260 ## - PUBLICATION, DISTRIBUTION, ETC. (IMPRINT) | |
| Date of publication, distribution, etc | 2012 |
| Name of publisher, distributor, etc | NORTH PUB. |
| Place of publication, distribution, etc | NEW DELHI |
| 300 ## - PHYSICAL DESCRIPTION | |
| Extent | 352 |
| 942 ## - ADDED ENTRY ELEMENTS (KOHA) | |
| Source of classification or shelving scheme | Dewey Decimal Classification |
| Koha item type | Text Books |
| 942 ## - ADDED ENTRY ELEMENTS (KOHA) | |
| -- | 5 |
| Withdrawn status | Lost status | Source of classification or shelving scheme | Damaged status | Not for loan | Collection code | Home library | Current library | Date acquired | Source of acquisition | Cost, normal purchase price | Bill Number | Total Checkouts | Full call number | Acc. no. / Barcode | Date last seen | Bill Date | Koha item type | Checked out | Date last borrowed |
|---|---|---|---|---|---|---|---|---|---|---|---|---|---|---|---|---|---|---|---|
| Dewey Decimal Classification | Diploma in Mechanical | PIET C-LIBRARY | PIET C-LIBRARY | 08/02/2013 | Shree prime Books | 200.00 | 1501 | 429 SHC | DE571 | 04/12/2019 | 08/02/2013 | Text Books | |||||||
| Dewey Decimal Classification | Diploma in Mechanical | PIET C-LIBRARY | PIET C-LIBRARY | 08/02/2013 | Shree prime Books | 200.00 | 1501 | 429 SHC | DE572 | 04/12/2019 | 08/02/2013 | Text Books | |||||||
| Dewey Decimal Classification | Diploma in Mechanical | PIET C-LIBRARY | PIET C-LIBRARY | 08/02/2013 | Shree prime Books | 200.00 | 1501 | 429 SHC | DE573 | 04/12/2019 | 08/02/2013 | Text Books | |||||||
| Dewey Decimal Classification | Diploma in Mechanical | PIET C-LIBRARY | PIET C-LIBRARY | 08/02/2013 | Shree prime Books | 200.00 | 1501 | 429 SHC | DE574 | 04/12/2019 | 08/02/2013 | Text Books | |||||||
| Dewey Decimal Classification | Diploma in Mechanical | PIET C-LIBRARY | PIET C-LIBRARY | 08/02/2013 | Shree prime Books | 200.00 | 1501 | 429 SHC | DE575 | 04/12/2019 | 08/02/2013 | Text Books | |||||||
| Dewey Decimal Classification | Diploma in Mechanical | PIET C-LIBRARY | PIET C-LIBRARY | 08/02/2013 | Shree prime Books | 200.00 | 1501 | 429 SHC | DE576 | 04/12/2019 | 08/02/2013 | Text Books | |||||||
| Dewey Decimal Classification | Diploma in Mechanical | PIET C-LIBRARY | PIET C-LIBRARY | 08/02/2013 | Shree prime Books | 200.00 | 1501 | 1 | DE577 | 27/10/2020 | 08/02/2013 | Text Books | 10/11/2020 | 27/10/2020 | |||||
| Dewey Decimal Classification | Diploma in Mechanical | PIET C-LIBRARY | PIET C-LIBRARY | 08/02/2013 | Shree prime Books | 200.00 | 1501 | 429 SHC | DE578 | 04/12/2019 | 08/02/2013 | Text Books | |||||||
| Dewey Decimal Classification | Diploma in Mechanical | PIET C-LIBRARY | PIET C-LIBRARY | 08/02/2013 | Shree prime Books | 200.00 | 1501 | 1 | 429 SHC | DE579 | 23/03/2022 | 08/02/2013 | Text Books | 11/03/2022 | |||||
| Dewey Decimal Classification | Diploma in Mechanical | PIET C-LIBRARY | PIET C-LIBRARY | 08/02/2013 | Shree prime Books | 200.00 | 1501 | 429 SHC | DE580 | 04/12/2019 | 08/02/2013 | Text Books | |||||||
| Dewey Decimal Classification | Diploma in Mechanical | PIET C-LIBRARY | PIET C-LIBRARY | 08/02/2013 | Shree prime Books | 200.00 | 1501 | 429 SHC | DE581 | 04/12/2019 | 08/02/2013 | Text Books | |||||||
| Dewey Decimal Classification | Diploma in Mechanical | PIET C-LIBRARY | PIET C-LIBRARY | 08/02/2013 | Shree prime Books | 200.00 | 1501 | 1 | 429 SHC | DE582 | 18/11/2020 | 08/02/2013 | Text Books | 04/11/2020 | |||||
| Dewey Decimal Classification | Diploma in Mechanical | PIET C-LIBRARY | PIET C-LIBRARY | 08/02/2013 | Shree prime Books | 200.00 | 1501 | 429 SHC | DE583 | 04/12/2019 | 08/02/2013 | Text Books | |||||||
| Dewey Decimal Classification | Diploma in Mechanical | PIET C-LIBRARY | PIET C-LIBRARY | 08/02/2013 | Shree prime Books | 200.00 | 1501 | 429 SHC | DE584 | 04/12/2019 | 08/02/2013 | Text Books | |||||||
| Dewey Decimal Classification | Diploma in Mechanical | PIET C-LIBRARY | PIET C-LIBRARY | 08/02/2013 | Shree prime Books | 200.00 | 1501 | 429 SHC | DE585 | 04/12/2019 | 08/02/2013 | Text Books | |||||||
| Dewey Decimal Classification | Diploma in Mechanical | PIET C-LIBRARY | PIET C-LIBRARY | 08/02/2013 | Shree prime Books | 200.00 | 1501 | 429 SHC | DE586 | 04/12/2019 | 08/02/2013 | Text Books | |||||||
| Dewey Decimal Classification | Diploma in Mechanical | PIET C-LIBRARY | PIET C-LIBRARY | 08/02/2013 | Shree prime Books | 200.00 | 1501 | 429 SHC | DE587 | 04/12/2019 | 08/02/2013 | Text Books | |||||||
| Dewey Decimal Classification | Diploma in Mechanical | PIET C-LIBRARY | PIET C-LIBRARY | 08/02/2013 | Shree prime Books | 200.00 | 1501 | 429 SHC | DE588 | 04/12/2019 | 08/02/2013 | Text Books | |||||||
| Dewey Decimal Classification | Diploma in Mechanical | PIET C-LIBRARY | PIET C-LIBRARY | 08/02/2013 | Shree prime Books | 200.00 | 1501 | 429 SHC | DE589 | 04/12/2019 | 08/02/2013 | Text Books | |||||||
| Dewey Decimal Classification | Diploma in Mechanical | PIET C-LIBRARY | PIET C-LIBRARY | 08/02/2013 | Shree prime Books | 200.00 | 1501 | 429 SHC | DE590 | 04/12/2019 | 08/02/2013 | Text Books | |||||||
| Dewey Decimal Classification | Diploma in Mechanical | PIET C-LIBRARY | PIET C-LIBRARY | 08/02/2013 | Shree prime Books | 200.00 | 1501 | 429 SHC | DE591 | 04/12/2019 | 08/02/2013 | Text Books | |||||||
| Dewey Decimal Classification | Diploma in Mechanical | PIET C-LIBRARY | PIET C-LIBRARY | 08/02/2013 | Shree prime Books | 200.00 | 1501 | 429 SHC | DE592 | 04/12/2019 | 08/02/2013 | Text Books | |||||||
| Dewey Decimal Classification | Diploma in Mechanical | PIET C-LIBRARY | PIET C-LIBRARY | 08/02/2013 | Shree prime Books | 200.00 | 1501 | 429 SHC | DE593 | 04/12/2019 | 08/02/2013 | Text Books | |||||||
| Dewey Decimal Classification | Diploma in Mechanical | PIET C-LIBRARY | PIET C-LIBRARY | 08/02/2013 | Shree prime Books | 200.00 | 1501 | 429 SHC | DE594 | 04/12/2019 | 08/02/2013 | Text Books | |||||||
| Dewey Decimal Classification | Diploma in Mechanical | PIET C-LIBRARY | PIET C-LIBRARY | 08/02/2013 | Shree prime Books | 200.00 | 1501 | 429 SHC | DE595 | 04/12/2019 | 08/02/2013 | Text Books | |||||||
| Dewey Decimal Classification | Diploma in Mechanical | PIET C-LIBRARY | PIET C-LIBRARY | 08/02/2013 | Shree prime Books | 200.00 | 1501 | 1 | DE596 | 27/10/2020 | 08/02/2013 | Text Books | 10/11/2020 | 27/10/2020 | |||||
| Dewey Decimal Classification | Diploma in Mechanical | PIET C-LIBRARY | PIET C-LIBRARY | 08/02/2013 | Shree prime Books | 200.00 | 1501 | 429 SHC | DE597 | 04/12/2019 | 08/02/2013 | Text Books | |||||||
| Dewey Decimal Classification | Diploma in Mechanical | PIET C-LIBRARY | PIET C-LIBRARY | 08/02/2013 | Shree prime Books | 200.00 | 1501 | 429 SHC | DE598 | 04/12/2019 | 08/02/2013 | Text Books | |||||||
| Dewey Decimal Classification | Diploma in Mechanical | PIET C-LIBRARY | PIET C-LIBRARY | 08/02/2013 | Shree prime Books | 200.00 | 1501 | 1 | DE599 | 27/10/2020 | 08/02/2013 | Text Books | 10/11/2020 | 27/10/2020 | |||||
| Dewey Decimal Classification | Diploma in Mechanical | PIET C-LIBRARY | PIET C-LIBRARY | 08/02/2013 | Shree prime Books | 200.00 | 1501 | 429 SHC | DE600 | 04/12/2019 | 08/02/2013 | Text Books |